Business assignments : Telephone conservation

Spremljeno u:
Bibliografski detalji
Glavni autor: Casler, Ken
Format: Knjiga
Jezik:Undetermined
Izdano: Oxford Oxford University Press 1989
Teme:
Oznake: Dodaj oznaku
Bez oznaka, Budi prvi tko označuje ovaj zapis!
Thư viện lưu trữ: Trung tâm Học liệu Trường Đại học Cần Thơ
LEADER 00599nam a2200205Ia 4500
001 CTU_118942
008 210402s9999 xx 000 0 und d
082 |a 428.34 
082 |b C339 
100 |a Casler, Ken 
245 0 |a Business assignments : 
245 0 |b Telephone conservation 
245 0 |c Ken Casler, David Palmer 
260 |a Oxford 
260 |b Oxford University Press 
260 |c 1989 
650 |a English language,English language 
650 |x Study and teaching,For foreign speakers,Listening 
904 |i M.Loan 
980 |a Trung tâm Học liệu Trường Đại học Cần Thơ